000 00579nam a2200217 i 4500
001 64991
003 ES-MaACL
005 20230906165256.0
007 t|
008 040107s1976 sp ||||1| spa d
100 1 _aFraga, Ester.
_952065
245 1 0 _aBiomoléculas
_b: estudios teóricos /
_cE. Fraga, S. Fraga.
250 _a[1ª ed.].
260 _a[Madrid] :
_bAlhambra,
_c[1976]
300 _aXV, 289 p. ;
_c20 cm.
490 1 _aExedra
700 1 _aFraga, S.
_952069
830 0 _aExedra
_9177436
852 _aES-MaACL
_jA-5851
_bR.94771
999 _c64991
_d64991